| 000 | 01080nam a2200265 a 4500 | ||
|---|---|---|---|
| 001 | 52068 | ||
| 003 | BD-RjUL | ||
| 005 | 20211209075741.0 | ||
| 008 | 160905s1961 nyua b 100 0 eng | ||
| 035 | _a(BD-RjUL)52188 | ||
| 035 | _a(OCoLC)817145 | ||
| 040 |
_aDLC _cOYU _dOCoLC _dDLC _dBD-RjUL _beng |
||
| 041 | _aeng | ||
| 082 |
_223 _a510.71 |
||
| 111 | 2 |
_aSouthampton Mathematical Conference _d(1961) _9155722 |
|
| 245 | 1 | 0 |
_aOn teaching mathematics : _ba report on some present-day problems in the teaching of mathematics / _cbeing the outcome of discussions and lectures at the Southampton Mathematical Conference 1961; under the chairmanship of Bryan Thwaites. |
| 260 |
_aNew York : _bPergamon Press, _c1961. |
||
| 300 |
_axxiv, 116 p. : _bdiagrs. _c20 cm. |
||
| 504 | _aIncludes bibliographies. | ||
| 650 | 0 |
_aMathematics _xStudy and teaching _vCongresses. _9155724 |
|
| 700 | 1 |
_aThwaites, Bryan. _9155725 |
|
| 942 |
_2ddc _cBK |
||
| 999 |
_c52068 _d52068 |
||